Η ιστορία του ελληνικού μπισκότου

Αποθηκεύτηκε σε:
Λεπτομέρειες βιβλιογραφικής εγγραφής
Κύριος συγγραφέας: Γιακουμάκη, Πηνελόπη
Άλλοι συγγραφείς: Χαριτάτος, Μάνος, 1944-2012
Μορφή: Βιβλίο
Γλώσσα:Greek
Δημοσίευση: Αθήνα : Ελληνικό Λογοτεχνικό και Ιστορικό Αρχείο, 2000.
Θέματα:
Ετικέτες: Προσθήκη ετικέτας
Δεν υπάρχουν, Καταχωρήστε ετικέτα πρώτοι!

MARC

LEADER 00000cam a2200000 i 4500
001 1/27036
008 020829s2000 gr | ||| |||| ||gre||
020 |a 9602011408 
035 |l 10068363 
040 |a GR-MY-UA  |b gre  |e aacr 
041 0 |a gre 
082 7 |a 641.409495   |2 (22) 
100 1 |a Γιακουμάκη, Πηνελόπη. 
245 1 2 |a Η ιστορία του ελληνικού μπισκότου /   |c μελέτη-κείμενα: Πηνελόπη Γιακουμάκη ; συλλογή υλικού-έρευνα: Μάνος Χαριτάτος.  
260 |a Αθήνα :   |b Ελληνικό Λογοτεχνικό και Ιστορικό Αρχείο,   |c 2000.  
300 |a 159 σ. :   |b εικ. ;   |c 25 εκ.  
504 |a Βιβλιογραφία : σ. 150-151.  
650 0 0 |a Food industry and trade  |z Greece. 
700 1 |a Χαριτάτος, Μάνος,   |d 1944-2012. 
852 |a INST  |b RHODES  |e 20020829  |h 641.409495 ΓΙΑ  |p 005400016194  |q 005400016194  |t BK  |y 0 
901 |a BIBL4-2002-2 
909 |a Ρ  |b 085213 
970 |a ΚΟΥΛΑΚΙΟΤΗ  |b ΛΙΤΣΑ  |z 2002/06/29